Szczegóły MARC21

Wirydarz abo kwiatki rymów duchownych o Dziecięciu Panu Jezusie /

003 -Nazwa inst., której nr kontr. jest w polu 001 [,]
    • @
    • Nazwa instytucji, której n kontrolny jest w polu 001
    • NUKAT
005 -DATA I CZAS OSTATNIEJ MODYFIKACJI [,]
    • @
    • pole kontrolne
    • 20241231101306.0
020 -Międzynarod. znormalizowany nr książki - ISBN [ , ]
    • a
    • Numer ISBN
    • 8385605983 Find
040 -Instytucja sporządzająca opis [ , ]
    • a
    • Instytucja, która sporządziła opis (NP)
    • KR 295/DGR
    • c
    • Instytucja, która sporządziła rekord (NP)
    • KR 295/DGR
    • d
    • Instytucja, która zmodyfikowała rekord (P)
    • KR 295/MAGs
942 -Rodzaj dokumentu [ , ]
    • c
    • Rodzaj dokumentu
    • Książka
100 -Hasło główne - nazwa osobowa [1, ]
    • a
    • Nazwa osobowa (NP)
    • Grochowski, Stanisław
    • d
    • Daty biograficzne (NP)
    • (1542-1612).
    • 9
    • KHW
    • 56503
245 -Strefa tytułu i oznaczenia odpowiedzialności [1,0]
    • a
    • Tytuł
    • Wirydarz abo kwiatki rymów duchownych o Dziecięciu Panu Jezusie / Find
    • c
    • Pozostałe elementy strefy tytułu i oznaczenia odpowiedzialności (NP)
    • Stanisław Grochowski ; wydała Justyna Dąbkowksa.
246 -Wariant tytułu [3,0]
    • a
    • Tytuł (NP)
    • Kwiatki rymów duchownych o Dziecięciu Panu Jezusie
260 -Strefa adresu wydawniczego [ , ]
    • a
    • Miejsce wydania (P)
    • Warszawa :
    • b
    • Nazwa wydawcy (P)
    • Instytut Badań Literackich - Wydawnictwo,
    • c
    • Data wydania (P)
    • 1997.
300 -Strefa opisu fizycznego [ , ]
    • a
    • Określenie formy książki i/lub objętość (NP)
    • 125 s. ;
    • c
    • Format (NP)
    • 21 cm.
336 -Typ zawartości [ , ]
    • a
    • Termin opisujący typ zawartości
    • Tekst
    • b
    • Kod określający zawartość
    • txt
    • 2
    • Źródło (terminu i kodu)
    • rdacontent
337 -Typ mediów [ , ]
    • a
    • Tryb odtwarzania
    • Bez urządzenia pośredniczącego
    • b
    • Kod typu mediów
    • n
    • 2
    • Źródło (terminu i kodu)
    • rdamedia
338 -Typ/rodzaj nośnika [ , ]
    • a
    • Hasło opisujące typ nośnika
    • Wolumin
    • b
    • Kod typu nośnika
    • nc
    • 2
    • Źródło (terminu i kodu)
    • rdacarrier
490 -Strefa serii i książki wielotomowej - forma nie do wyszukiwania [1, ]
    • a
    • Tytuł (P)
    • Biblioteka Pisarzy Staropolskich / Instytut Badań Literackich PAN. Stowarzyszenie "Pro Cultura Litteraria" ; Find
    • v
    • Numeracja (P)
    • t. 8
830 -Hasło dodatkowe serii i opisu książki wielotomowej - tytuł ujednolicony/tytuł [ ,0]
    • a
    • Tytuł ujednolicony/tytuł (NP)
    • Biblioteka Pisarzy Staropolskich
    • x
    • ISSN
    • 1427-3306
    • v
    • Oznaczenie tomu (NP)
    • t. 8
    • 9
    • KHW
    • 77779
080 -Uniwersalna Klasyfikacja Dziesiętna [ , ]
    • a
    • Symbol klasyfikacji
    • 884-1
080 -Uniwersalna Klasyfikacja Dziesiętna [ , ]
    • a
    • Symbol klasyfikacji
    • :884(091)-1"15/16"Grochowski S.
600 -Hasło przedmiotowe w formie nazwy osobowej [0,7]
    • a
    • Nazwa osobowa
    • Jezus Chrystus
    • v
    • Określnik formalny
    • poezje
    • v
    • Określnik formalny
    • dzieła przed 1800.
    • 2
    • Źródło terminu
    • kaba
    • 9
    • KHW
    • 651496
980 -Symbol UKD [ , ]
    • a
    • UKD
    • 884-1:884(091)-1"15/16"Grochowski S.
700 -Hasło dodatkowe - nazwa osobowa [1, ]
    • a
    • Nazwa osobowa (NP)
    • Dąbkowska-Kujko, Justyna Find
    • d
    • Daty biograficzne (NP)
    • (1971- ).
    • e
    • Określenie rodzaju współpracy
    • Wyd.
    • 9
    • KHW
    • 52943
710 -Hasło dodatkowe - nazwa ciała zbiorowego [2, ]
    • a
    • Nazwa ciała zbiorowego lub nazwa geograficzna jako pierwszy element (NP)
    • Polska Akademia Nauk.
    • b
    • Nazwa jednostki podrzędnej (P)
    • Instytut Badań Literackich.
    • b
    • Nazwa jednostki podrzędnej (P)
    • Wydawnictwo.
    • 4
    • Kod relacji
    • pbl
    • 9
    • KHW
    • 53680
920 -ISBN [ , ]
    • a
    • ISBN
    • 83-85605-98-3 Find
Data inwentaryzacji Sygnatura Lokalizacja Status udost. Numer inwentarzowy
1999-06-02POL. Bibl. Pisarzy Staropol. T.8BM1P.15412